Физика (Запись № 1433276)
[ простой вид ]
| 000 -МАРКЕР | |
|---|---|
| контрольное поле | 01537nam1a2200313 i 4500 |
| 001 - ИДЕНТИФИКАТОР ЗАПИСИ | |
| контрольное поле | RU\NLR\bibl\854435 |
| 005 - ИДЕНТИФИКАТОР ВЕРСИИ | |
| контрольное поле | 20240920202059.0 |
| 035 ## - ДРУГИЕ СИСТЕМНЫЕ НОМЕРА | |
| Идентификатор записи | (NLR Aleph) 000843163 |
| 100 ## - ДАННЫЕ ОБЩЕЙ ОБРАБОТКИ | |
| Данные общей обработки | 20051017d2003 u y0rusy50 ca |
| 101 0# - ЯЗЫК РЕСУРСА | |
| Язык текста, звукозаписи и т.д. | русский |
| 102 ## - СТРАНА ПУБЛИКАЦИИ ИЛИ ПРОИЗВОДСТВА | |
| Страна публикации | Российская Федерация |
| 105 ## - ПОЛЕ КОДИРОВАННЫХ ДАННЫХ: ТЕКСТОВЫЕ МАТЕРИАЛЫ, МОНОГРАФИЧЕСКИЕ | |
| Кодированные данные о монографическом текстовом документе | ||||j ||||| |
| 200 1# - ЗАГЛАВИЕ И СВЕДЕНИЯ ОБ ОТВЕТСТВЕННОСТИ | |
| Основное заглавие | Физика |
| Сведения, относящиеся к заглавию | 8 класс |
| -- | поурочные планы по учебнику А.В. Перышкина "Физика. 8 класс" |
| Первые сведения об ответственности | И.И. Мокрова |
| 210 ## - ПУБЛИКАЦИЯ, РАСПРОСТРАНЕНИЕ И ДР. | |
| Место издания, распространения и т.д. | Волгоград |
| Имя издателя, распространителя и т. д. | Учитель-АСТ |
| Дата издания, распространения и т.д. | 2003 |
| 215 ## - ФИЗИЧЕСКАЯ ХАРАКТЕРИСТИКА | |
| Размеры | 20 |
| 225 1# - СЕРИЯ | |
| Основное заглавие серии | Поурочные планы |
| 300 ## - ОБЩИЕ ПРИМЕЧАНИЯ | |
| Текст примечания | На обл. авт. не указан |
| 463 #0 - УРОВЕНЬ ФИЗИЧЕСКОЙ ЕДИНИЦЫ | |
| Встроенное поле | 001850063 |
| 463 #0 - УРОВЕНЬ ФИЗИЧЕСКОЙ ЕДИНИЦЫ | |
| Встроенное поле | 001850418 |
| 604 ## - ИМЯ И ЗАГЛАВИЕ КАК ПРЕДМЕТ | |
| Связываемые данные | 700#1$3RU\NLR\auth\773653$aПерышкин$bА. В.$f1902-1983$gАлександр Васильевич$4070 |
| -- | 50010$aФизика: 8 класс: учебник для общеобразовательных учреждений$2psbo |
| Имя лица | Перышкин, Александр Васильевич (1902-1983) |
| Заглавие | Физика: 8 класс: учебник для общеобразовательных учреждений |
| Системный номер авторитетной/нормативной записи | 113646 |
| Идентификатор авторитетной/нормативной записи | RU\NLR\auth\773653 |
| 606 1# - НАИМЕНОВАНИЕ ТЕМЫ КАК ПРЕДМЕТ | |
| Наименование темы | Физика |
| Тематический подзаголовок | Уроки |
| -- | Планы |
| -- | Средняя школа |
| Системный номер авторитетной/нормативной записи | 2262817 |
| Идентификатор авторитетной/нормативной записи | RU\NLR\auth\661356646 |
| 686 ## - ИНДЕКСЫ ДРУГИХ КЛАССИФИКАЦИЙ | |
| Индекс | Ч426.51-260.21 |
| 700 #1 - ИМЯ ЛИЦА - ПЕРВИЧНАЯ ОТВЕТСТВЕННОСТЬ | |
| Начальный элемент ввода | Мокрова |
| Часть имени, кроме начального элемента ввода | И. И. |
| Расширение инициалов личного имени | Ирина Иннокентьевна |
| Код отношения | Автор |
| 801 #0 - ИСТОЧНИК ЗАПИСИ | |
| Страна | Российская Федерация |
| Организация | NLR |
| Дата составления | 20051017 |
| Правила каталогизации | rcr |
| 801 #1 - ИСТОЧНИК ЗАПИСИ | |
| Страна | Российская Федерация |
| Организация | NLR |
| Дата составления | 20051017 |
| 852 ## - МЕСТОНАХОЖДЕНИЕ И ШИФР ХРАНЕНИЯ | |
| Идентификатор организации | NLR |
| Шифр хранения (Call Number) | 2005-3/26737 |
| 942 ## - ДОПОЛНИТЕЛЬНЫЕ ЭЛЕМЕНТЫ ЗАПИСИ (АБИС) | |
| Тип экземпляра АБИС | Книга |
Нет доступных экземпляров.